header

Modification and preparation of membrane in supercritical carbon dioxide (Record no. 162234)

MARC details
000 -LEADER
fixed length control field 01564nam a2200409 a 4500
082 04 - DEWEY DECIMAL CLASSIFICATION NUMBER
Classification number 660/.284248
245 00 - TITLE STATEMENT
Title Modification and preparation of membrane in supercritical carbon dioxide
260 ## - PUBLICATION, DISTRIBUTION, ETC. (IMPRINT)
Place of publication New York :
Name of publisher Nova Science Publishers,
Year of publication c2010.
300 ## - PHYSICAL DESCRIPTION
Number of Pages viii, 115 p. :
Other physical details ill.
490 1# - SERIES STATEMENT
Series statement Chemistry research and applications
Series statement Novinka
650 #0 - SUBJECT ADDED ENTRY--TOPICAL TERM
Topical Term Supercritical fluid extraction.
Topical Term Supercritical fluids.
Topical Term Liquid carbon dioxide.
Topical Term Polymers
Topical Term Membrane separation.
700 1# - ADDED ENTRY--PERSONAL NAME
Personal name Qiu, Guang-Ming,
856 40 - ELECTRONIC LOCATION AND ACCESS
Uniform Resource Identifier http://site.ebrary.com/lib/rucke/Doc?id=10671129

No items available.

© 2026 Rongo University
Contact us: librarian | system librarian | Rongo university